Słynne trzecie miejsca - Statystyki

Ogólne statystyki
  • Ten quiz został rozwiązany 295 razy
  • Średni wynik to 13 z 20
Statystyki odpowiedzi
Trzeci/Trzecia/Trzecie... Odpowiedź % Poprawnych
Grecka litera Gamma
93%
Prezydent III RP Aleksander Kwaśniewski
92%
Miasto w Polsce pod względem ludności Wrocław
91%
Największa wyspa na Karaibach Jamajka
82%
Utwór wchodzący w skład trylogii Sienkiewicza Pan Wołodyjowski
82%
Państwo w Afryce pod względem powierzchni Sudan
79%
Osoba (wg Biblii) Kain
76%
Miejsce na Mundialu w 2022 Chorwacja
71%
Najdłuższa rzeka Jangcy
71%
Gaz szlachetny Argon
64%
Najcięższy gatunek ptaka Emu
64%
Pierwiastek w układzie okresowym Lit
63%
Najświętsze miasto w islamie Jerozolima
55%
Największe jezioro wg powierzchni Jezioro Wiktorii
55%
Litera w alfabecie fonetycznym NATO Charlie
51%
Kategorie taksonomiczne (od najbardziej szczegółowej) Rodzina
46%
Części Boskiej Komedii Raj
36%
Cesarze rzymscy Kaligula
33%
Najkrótsza długość fali w widmie spektroskopowym Ultrafiolet
33%
Stany żałoby (wg Elisabeth Kübler-Ross) Targowanie się
17%
Nie znaleziono quizów pasujących do podanych kryteriów
Rozkład punktacji
Procent ludzi z każdym wynikiem
Percentyl według liczby udzielonych odpowiedzi
Twoja historia wyników
Nie rozwiązałeś tego quizu